000 00846nam a22002417a 4500
003 0
005 20250919111347.0
008 250919b xxu||||| |||| 00| 0 eng d
020 _a978-0-357-98458-1
050 _aHD 30.213
_b.A43 2025
100 _aAlbright, S. Christian,
_eauthor.
245 _aBusiness analytics :
_bdata analysis and decision making /
_cS. Christian Albright and Wayne L. Winston.
250 _aEighth edition.
260 _aMason, OH :
_bCengage,
_c2025.
300 _axxvi, 853 pages :
_bcolored illustrations ;
_c28 cm.
504 _aIncludes bibliographical references and index.
650 _aBusiness
_xData processing.
650 _aBusiness
_xStatistical methods.
650 _aDecision making
_xData processing.
650 _aBusiness intelligence.
700 _aWinston, Wayne L.,
_eauthor.
942 _2lcc
_cBK
999 _c368031
_d368031